000 00896nam a2200229 a 4500
001 80092
003 BD-RjUL
005 20220705163220.0
008 220705s2020 |||||||| |||| 00| 0 ben d
020 _a9847000003249
035 _a(BD-RjUL)80092
040 _aBD-RjUL
_beng
_cBD-RjUL
041 _aben
082 _223
_a954.03
_bMOF 2020
100 _aমৈত্রয়, অক্ষয়কুমার
_94025
245 _aফিরিঙ্গি বণিক /
_cঅক্ষয়কুমার মৈত্রয় ; সম্পাদদনা ও ভূমিকা শেখ মাসুম কামাল
260 _aঢাকা :
_bজাতীয় সাহিত্য প্রকাশ,
_c২০২০
650 _aভারত
_xইতিহাস
650 _aIndia
_xHistory
700 _aকামাল, শেখ মাসুম
_94026
942 _2ddc
_cBK
999 _c80092
_d80092